Force heretic III reunion

Spremljeno u:
Bibliografski detalji
Glavni autor: Dix, Shane
Format: Knjiga
Jezik:Undetermined
Izdano: New York, NY. Random House Audiobooks 2003
Teme:
Oznake: Dodaj oznaku
Bez oznaka, Budi prvi tko označuje ovaj zapis!
Thư viện lưu trữ: Trung tâm Học liệu Trường Đại học Cần Thơ
LEADER 00591nam a2200193Ia 4500
001 CTU_138676
008 210402s9999 xx 000 0 und d
020 |c 6.65 
082 |a 813 
082 |b D619/CD.3 
100 |a Dix, Shane 
245 0 |a Force heretic III reunion 
245 0 |c Shane Dix and Sean Williams ; read by Jonathan Davis 
260 |a New York, NY. 
260 |b Random House Audiobooks 
260 |c 2003 
650 |a Cuộc sống ở hành tinh khác,Life on other planets 
904 |i Duy Bằng 
980 |a Trung tâm Học liệu Trường Đại học Cần Thơ